Aasian 10 väkirikkainta valtiota - Statistics

Yleistilastot
  • Tätä visaa on pelattu 3 601 kertaa
  • Keskiarvotulos 8 / 10
Vastaustilastot
Väkiluku Valtio % Oikein
1434 milj. Kiina
100%
1428 milj. Intia
99%
123 milj. Japani
94%
277 milj. Indonesia
90%
240 milj. Pakistan
83%
89,2 milj. Iran
79%
173 milj. Bangladesh
77%
98,8 milj. Vietnam
75%
117 milj. Filippiinit
74%
73,1 milj. Turkki
59%
Ehtoja vastaavia visoja ei löytynyt
Tulosjakauma
Jokaisen tuloksen saaneiden osuus
Persentiili vastausten määrän mukaan
Tuloshistoriasi
Et ole pelannut tätä visaa